000
00316 a2200145 4500
001
176017
020
_a
040
_c
Magnum
100
_a
Palombo, Antônio Sérgio
240
1
0
_a
Espaco, tempo e vida
_l
por
245
1
0
_a
Espaco, tempo e vida
362
0
_a
1899
697
_a
MAGNITO: PARADIDATICO
942
_c
BK
999
_c
176017
_d
176017